000 00585nam a2200229Ia 4500
003 OSt
005 20220928124047.0
006 a|||||r|||| 00| 0
007 ta
008 220927b |||||||| |||| 00| 0 eng d
024 _a50555
037 _cTextual
040 _aSDCL
_cSDCL
_beng
041 _2eng
_aeng
082 _aR3xC57, L7
100 _aIrwin Trerence
_9463237
245 0 _aPlato's moral theory
260 _aOxford
_bClaredon Perss
_c1977
300 _axv,375
_ccm.
942 _hR3xC57, L7
_cTEXL
_2CC
999 _c776172
_d776172